| 000 | 00672nam a2200205 u 4500 | ||
|---|---|---|---|
| 005 | 20210223132255.0 | ||
| 008 | 140127s2011 mx r 000 0 spa d | ||
| 020 | _a9786070709265 | ||
| 035 | _aUPN01000195276 | ||
| 049 | _aCG | ||
| 050 | 4 |
_aF390 _bT3.2 |
|
| 100 | 1 |
_aTaibo, Paco Ignacio, _d1949- _930687 |
|
| 245 | 1 | 3 |
_aEl Alamo : _buna historia no apta para Hollywwood / _cPaco Ignacio Taibo II. |
| 260 |
_aMéxico : _bPlaneta, _c2011. |
||
| 300 |
_a243 p. : _bil. |
||
| 651 | 4 |
_aMEXICO - _xHISTORIA - _yGUERRA DE TEXAS, 1835-1836 _94465 |
|
| 651 | 4 |
_aTEXAS, ESTADOS UNIDOS - _xHISTORIA - _yREVOLUCION, 1835-1836 - _vFUENTES _94464 |
|
| 905 | _aLibro | ||
| 999 |
_c167377 _d167377 |
||